000 00569nam a2200205 4500
001 136054
003 ES-MaACL
005 20251014063208.0
007 t|
008 070214s1931 sp r ||||1| spa d
080 _a343.96
080 _a340.63
100 1 _aRuiz-Maya, M.,
_d1888-1936
_9100872
245 1 0 _aPsiquiatría penal y civil /
_cpor el Dr. M. Ruiz Maya.
260 _aMadrid :
_bA. Marzo,
_c1931.
300 _aXXIV, 976 p. ;
_c27 cm.
650 0 7 _aPsiquiatría legal
_2embne
_916596
852 _aES-MaACL
_jA-422
999 _c136054
_d136054